[Event "4NCL Division 4 South"]
[Site "Telford, ENG"]
[Date "2016.04.30"]
[Round "9.99"]
[White "Price, Andrew"]
[Black "Gentry, Alan E"]
[Result "1/2-1/2"]
[WhiteElo "1892"]
[BlackElo "1743"]
[PlyCount "141"]
[EventDate "2016.04.30"]

1. e4 c5 2. Nf3 d6 3. d4 cxd4 4. Nxd4 Nf6 5. Nc3 a6 6. Bg5 e6 7. Qd2 Be7 8. Be2
b5 9. a3 Bb7 10. f3 Nc6 11. Nxc6 Bxc6 12. O-O-O Rc8 13. Kb1 Bb7 14. h4 Qa5 15.
Qd4 d5 16. Qa7 O-O 17. Nxb5 Rb8 18. Bf4 Nd7 19. Bc7 Bc5 20. Qxc5 Nxc5 21. Bxa5
axb5 22. exd5 Bxd5 23. Bc7 Rb7 24. Bd6 Rc8 25. Rd4 Na6 26. Rhd1 Rb6 27. Bg3 f6
28. R1d2 Kf7 29. Bf2 Rb7 30. a4 Nc7 31. axb5 Nxb5 32. Rb4 Bc4 33. Bxc4 Rxc4 34.
Rb3 Kg6 35. Rdd3 h5 36. Kc1 Rb8 37. Kd2 e5 38. Rd5 Nc7 39. Rxb8 Nxd5 40. b3 Rc6
41. g3 Nc3 42. b4 e4 43. f4 Nd5 44. b5 Rc3 45. b6 e3+ 46. Bxe3 Rxe3 47. b7 Re7
48. Rd8 Rxb7 49. Rxd5 Rb2 50. Rd3 Kf5 51. Kc1 Rb5 52. c4 Rc5 53. Rc3 Ke4 54.
Kd2 Kd4 55. Rd3+ Kxc4 56. Rc3+ Kd4 57. Rd3+ Ke4 58. Re3+ Kf5 59. Re7 g6 60. Re3
Kg4 61. Re6 Rf5 62. Re3 g5 63. fxg5 fxg5 64. hxg5 Rxg5 65. Ke2 Rf5 66. Rd3 Kh3
67. Re3 Kg2 68. Ke1 Rg5 69. Ke2 Rxg3 70. Rxg3+ Kxg3 71. Kf1 1/2-1/2

[Event "4NCL Division 4 South"]
[Site "Telford, ENG"]
[Date "2016.04.30"]
[Round "9.99"]
[White "Lim, Wei Xinq Sean"]
[Black "Ireland, David J"]
[Result "1-0"]
[WhiteElo "1740"]
[BlackElo "1929"]
[PlyCount "89"]
[EventDate "2016.04.30"]

1. e4 e5 2. f4 exf4 3. Bc4 Qh4+ 4. Kf1 d5 5. Bxd5 Nf6 6. Nf3 Qh5 7. Bb3 Bg4 8.
Nc3 Nc6 9. Ba4 Bb4 10. d3 O-O-O 11. Bxc6 bxc6 12. Qe2 g5 13. Qf2 Bxf3 14. Qxf3
Rhe8 15. Nb1 Rxe4 16. Bd2 Bxd2 17. dxe4 g4 18. Qe2 Bc1 19. Nc3 Bd2 20. Rd1 f3
21. Qf2 Bxc3 22. Rxd8+ Kxd8 23. bxc3 Qb5+ 24. Kg1 Qb1+ 25. Qf1 Qb6+ 26. Qf2
Qb1+ 27. Qf1 f2+ 28. Kxf2 Qxc2+ 29. Kg3 Nxe4+ 30. Kh4 Qxc3 31. Qxf7 Nd6 32.
Qg8+ Kd7 33. Qxh7+ Ke6 34. Rf1 Qe5 35. Qg6+ Kd5 36. Qg5 c5 37. Kxg4 c4 38. h4
c3 39. Qxe5+ Kxe5 40. h5 Nc4 41. Rc1 Kd4 42. h6 Ne5+ 43. Kf5 Nf7 44. h7 Kd3 45.
Kf6 1-0

[Event "4NCL Division 4 South"]
[Site "Telford, ENG"]
[Date "2016.04.30"]
[Round "9.99"]
[White "Ho, Marco"]
[Black "Riley, Adrian K"]
[Result "1-0"]
[WhiteElo "1855"]
[BlackElo "1611"]
[PlyCount "142"]
[EventDate "2016.04.30"]

1. d4 c5 2. d5 f5 3. e4 fxe4 4. Nc3 Nf6 5. Bg5 Qb6 6. a3 h6 7. Bxf6 Qxf6 8.
Nxe4 Qe5 9. Qe2 d6 10. Nf3 Qxb2 11. Nxd6+ Kd8 12. Nf7+ Ke8 13. Qe5 Qxe5+ 14.
N3xe5 Rg8 15. Bd3 Nd7 16. Bh7 Nxe5 17. Nxe5 Rh8 18. Bg6+ Kd8 19. Nf7+ Kc7 20.
Nxh8 e6 21. Bf7 exd5 22. Bxd5 Bf5 23. O-O Be7 24. Nf7 Bf6 25. Rab1 Rb8 26. Rfe1
b6 27. Bb3 b5 28. Be6 Bh7 29. Rbd1 Bd4 30. c3 Bxc3 31. Rd7+ Kb6 32. Red1 Bd4
33. Nd6 a5 34. Nf5 Bxf5 35. Bxf5 Rf8 36. Re1 Bxf2+ 37. Kxf2 Rxf5+ 38. Kg1 Rf6
39. Rxg7 c4 40. Rc1 Rc6 41. Rg4 c3 42. Kf2 c2 43. Ke2 h5 44. Re4 Rc3 45. Re3
Rc6 46. Kd2 b4 47. axb4 axb4 48. Rxc2 Rd6+ 49. Ke2 Kb5 50. Re5+ Ka4 51. Rxh5
Kb3 52. Rd2 Re6+ 53. Kd1 Ra6 54. Rh3+ Kc4 55. g4 b3 56. Rb2 Ra1+ 57. Ke2 Rg1
58. Rg3 Rh1 59. Rg2 Kc3 60. Kf3 Rf1+ 61. Kg3 Rd1 62. Kh4 Rd4 63. Kh5 Rd3 64. h4
Rd8 65. g5 Rh8+ 66. Kg4 Rd8 67. g6 Rd4+ 68. Kh5 Rd5+ 69. Kh6 Rd4 70. h5 Rd6 71.
Kh7 Rd7+ 1-0

[Event "4NCL Division 4 South"]
[Site "Telford, ENG"]
[Date "2016.04.30"]
[Round "9.99"]
[White "Matilal, Tamal"]
[Black "Marlow, Ben"]
[Result "0-1"]
[WhiteElo "1412"]
[BlackElo "1812"]
[PlyCount "58"]
[EventDate "2016.04.30"]

1. Nf3 d5 2. c4 e6 3. b3 Nf6 4. Bb2 Be7 5. d4 O-O 6. g3 Nbd7 7. a3 a5 8. Bg2
Re8 9. O-O Ne4 10. Nbd2 Ndf6 11. Qc2 b6 12. Nxe4 Nxe4 13. Ne5 Nf6 14. cxd5 exd5
15. Nc6 Qd6 16. a4 Bb7 17. Nxe7+ Qxe7 18. Rfe1 Rac8 19. Ba3 Qd7 20. Rac1 Ne4
21. f3 Nf6 22. e4 dxe4 23. fxe4 Qxd4+ 24. Kh1 Bxe4 25. Bxe4 Nxe4 26. Bb2 Qd5
27. Kg1 Qc5+ 28. Kg2 Qxc2+ 29. Rxc2 Nc5 0-1

[Event "4NCL Division 4 South"]
[Site "Telford, ENG"]
[Date "2016.04.30"]
[Round "9.99"]
[White "Kitchen, Peter J"]
[Black "Kenning, Paul H"]
[Result "1/2-1/2"]
[WhiteElo "1682"]
[BlackElo "1863"]
[PlyCount "76"]
[EventDate "2016.04.30"]

1. Nf3 d6 2. d4 Bg4 3. Nbd2 Nf6 4. g3 c6 5. Bg2 Nbd7 6. O-O e5 7. c4 Be7 8. Qc2
O-O 9. b3 Re8 10. Bb2 Qc7 11. Rfe1 Rac8 12. Rac1 Bf8 13. e4 Qb8 14. Qb1 a6 15.
a4 b5 16. axb5 axb5 17. cxb5 Qxb5 18. Bf1 Qb7 19. Qd3 h6 20. Ba3 Ra8 21. Ra1 d5
22. Bxf8 Rxa1 23. Rxa1 Kxf8 24. Nxe5 Nxe5 25. dxe5 Rxe5 26. exd5 Rxd5 27. Qe3
Kg8 28. Ra7 Qb4 29. Ra8+ Kh7 30. Bd3+ g6 31. Ne4 Nxe4 32. Qxe4 Qxe4 33. Bxe4
Rc5 34. Ra7 Bh3 35. f4 Kg7 36. Rc7 Be6 37. Rxc6 Rxc6 38. Bxc6 Bxb3 1/2-1/2

[Event "4NCL Division 4 South"]
[Site "Telford, ENG"]
[Date "2016.04.30"]
[Round "9.99"]
[White "Donaghay, Richard H"]
[Black "White, Gary"]
[Result "1-0"]
[WhiteElo "1905"]
[BlackElo "1716"]
[PlyCount "153"]
[EventDate "2016.04.30"]

1. e4 e6 2. d3 b6 3. Nc3 Bb7 4. Qe2 Nc6 5. Nf3 Be7 6. g3 Nf6 7. Bg2 d6 8. O-O
Qd7 9. e5 Ng4 10. Bf4 h5 11. d4 g5 12. Be3 d5 13. h3 Nh6 14. Qd2 Nf5 15. Nh2
Ba6 16. Rfe1 Rg8 17. Ne2 Bxe2 18. Rxe2 g4 19. h4 Bxh4 20. gxh4 Nxh4 21. Bg5
Nxg2 22. Kxg2 Nxd4 23. Qxd4 Rxg5 24. Qf4 Rf5 25. Qe3 Ke7 26. Rh1 Rg8 27. Nf1
Rgg5 28. Ng3 Rxe5 29. Qxe5 Rxe5 30. Rxe5 Qa4 31. Rexh5 Qxc2 32. Rh7 d4 33. Rg7
d3 34. Rhh7 d2 35. Rxf7+ Kd6 36. Rd7+ Ke5 37. Rh5+ Kf6 38. Rxd2 Qc6+ 39. Kh2
Kg6 40. Re2 Qc4 41. b3 Qf4 42. Rxe6+ Kg7 43. Re2 a5 44. Rhe5 c5 45. Re7+ Kf8
46. Re8+ Kf7 47. Kg2 Qf3+ 48. Kg1 b5 49. R2e7+ Kg6 50. Re6+ Kf7 51. R8e7+ Kf8
52. Re8+ Kf7 53. R6e7+ Kg6 54. Rg8+ Kh6 55. Rgg7 Qd1+ 56. Nf1 c4 57. bxc4 bxc4
58. Rh7+ Kg6 59. Reg7+ Kf6 60. Rc7 Qd3 61. Rh6+ Kg5 62. Rhc6 Qa3 63. Rxc4 Qxa2
64. R7c5+ Kh4 65. Rd4 a4 66. Rcc4 a3 67. Rxg4+ Kh5 68. Ra4 Qb1 69. Rg3 a2 70.
Rga3 Qg6+ 71. Ng3+ Kg5 72. Rxa2 Qb1+ 73. Kg2 Qb7+ 74. f3 Qb3 75. Rg4+ Kh6 76.
Ra6+ Kh7 77. Ra5 1-0

[Event "4NCL Division 4 South"]
[Site "Telford, ENG"]
[Date "2016.04.30"]
[Round "9.99"]
[White "Ross, Stuart"]
[Black "Lovell, Steve"]
[Result "0-1"]
[WhiteElo "1675"]
[BlackElo "1782"]
[PlyCount "92"]
[EventDate "2016.04.30"]

1. e4 e5 2. Nf3 Nc6 3. Bb5 a6 4. Ba4 Nf6 5. O-O Be7 6. Re1 b5 7. Bb3 O-O 8. c3
d5 9. exd5 Nxd5 10. Nxe5 Nxe5 11. Rxe5 c6 12. d4 Bd6 13. Re1 Qh4 14. g3 Qh3 15.
Qf3 Bg4 16. Qg2 Qh5 17. Bxd5 cxd5 18. Be3 Bf3 19. Qf1 f5 20. Nd2 f4 21. Nxf3
fxe3 22. Rxe3 Rxf3 23. Qe2 Rf5 24. Qxh5 Rxh5 25. Re6 Rd8 26. Rae1 Rf5 27. Re8+
Rf8 28. R8e6 Kf7 29. Kg2 Rfe8 30. Rxe8 Rxe8 31. Rxe8 Kxe8 32. b4 Kf7 33. Kf3
Kf6 34. h3 Kf5 35. Ke3 h5 36. Kf3 g6 37. Ke3 g5 38. Kf3 g4+ 39. hxg4+ hxg4+ 40.
Ke3 Bc7 41. Kd3 Bd8 42. Ke3 Bg5+ 43. Kd3 Bh6 44. c4 dxc4+ 45. Kc3 Ke4 46. a4
Bg7 0-1

[Event "4NCL Division 4 South"]
[Site "Telford, ENG"]
[Date "2016.04.30"]
[Round "9.99"]
[White "Pott, Laurie"]
[Black "Peck, Windsor W A"]
[Result "1-0"]
[WhiteElo "1752"]
[BlackElo "1532"]
[PlyCount "109"]
[EventDate "2016.04.30"]

1. d4 d5 2. Bf4 e6 3. Nf3 c5 4. e3 Nc6 5. c3 Nf6 6. Be2 Bd7 7. Nbd2 Qb6 8. Qb3
Be7 9. h3 Na5 10. Qxb6 axb6 11. Bc7 c4 12. Bxb6 O-O 13. O-O Rfc8 14. b4 Nc6 15.
Bc5 Bd8 16. Ne5 Nxe5 17. dxe5 Ne8 18. f4 Nc7 19. Bd4 Nb5 20. Bd1 Na3 21. Rf2
Ba4 22. e4 Bh4 23. Re2 Nb5 24. Nf3 Bxd1 25. Rxd1 Bg3 26. exd5 Bxf4 27. d6 Rd8
28. Re4 Bh6 29. g4 g6 30. g5 Bg7 31. Rd2 Rd7 32. Rc2 Ra6 33. Nd2 Rc6 34. Bc5
Na3 35. Rc1 h6 36. h4 h5 37. Nb1 Nxb1 38. Rxb1 b5 39. Ra1 Ra6 40. a3 Kf8 41.
Re2 Ke8 42. Bd4 Kd8 43. a4 Ke8 44. Rea2 bxa4 45. Rxa4 Rc6 46. Kf2 Rd8 47. Ra7
Bf8 48. Rb7 Rcc8 49. Raa7 Ra8 50. d7+ Rxd7 51. Rxa8+ Rd8 52. Rxd8+ Kxd8 53.
Rb8+ Kc7 54. Rxf8 Kc6 55. Rxf7 1-0

[Event "4NCL Division 4 South"]
[Site "Telford, ENG"]
[Date "2016.04.30"]
[Round "9.99"]
[White "Szwajkun, Steve"]
[Black "Carter, Dominic A"]
[Result "0-1"]
[WhiteElo "1442"]
[BlackElo "1660"]
[PlyCount "58"]
[EventDate "2016.04.30"]

1. Nf3 Nf6 2. d3 d5 3. Nbd2 c5 4. g3 Nc6 5. Bg2 Bg4 6. O-O e6 7. a3 Be7 8. h3
Bh5 9. Qe1 O-O 10. c4 a6 11. b3 b5 12. Rb1 Qc7 13. Bb2 Nd7 14. Nh2 Nf6 15. e3
Bg6 16. Qe2 Rad8 17. e4 dxc4 18. bxc4 Rd7 19. Rfd1 Rfd8 20. Ndf3 bxc4 21. Bxf6
cxd3 22. Qe3 gxf6 23. Nh4 Ne5 24. Rbc1 c4 25. f4 Bc5 26. Nf1 Bxe3+ 27. Nxe3 Qc5
28. Kf2 d2 29. Rc3 Nd3+ 0-1

[Event "4NCL Division 4 South"]
[Site "Telford, ENG"]
[Date "2016.04.30"]
[Round "9.99"]
[White "Balakrishnan, Kathirvel"]
[Black "Ayres, Martin"]
[Result "1-0"]
[WhiteElo "1561"]
[BlackElo "985"]
[PlyCount "63"]
[EventDate "2016.04.30"]

1. d4 d5 2. Nf3 Nf6 3. e3 Nc6 4. c3 Bg4 5. Nbd2 e6 6. Bd3 Be7 7. O-O O-O 8. Qc2
h6 9. b3 Bd6 10. Bb2 e5 11. dxe5 Nxe5 12. Nxe5 Bxe5 13. f3 Bh5 14. Rad1 c5 15.
e4 Qd6 16. g3 dxe4 17. Nxe4 Nxe4 18. Bxe4 Qc7 19. Rd5 Rad8 20. Rfd1 f5 21. Rxd8
Rxd8 22. Rxd8+ Qxd8 23. Bxb7 Qd7 24. Ba6 Bxf3 25. Be2 Be4 26. Qd1 Qc7 27. Bc4+
Kh8 28. Qe1 Qc6 29. Qd2 Qf6 30. Qd7 f4 31. Qe8+ Kh7 32. Bg8+ 1-0

[Event "4NCL Division 4 South"]
[Site "Telford, ENG"]
[Date "2016.04.30"]
[Round "9.215"]
[White "Olaleye, Oladejo"]
[Black "Balouka Myers, Gabriel"]
[Result "1-0"]
[WhiteElo "1756"]
[BlackElo "1855"]
[PlyCount "53"]
[EventDate "2016.04.30"]
[WhiteTeam "Throw in the Tal 2"]
[BlackTeam "Barnet Knights 2"]

1. e4 c6 2. f4 d5 3. e5 e6 4. Nf3 c5 5. Be2 Qb6 6. O-O c4+ 7. Kh1 Bc5 8. Nc3
Bd7 9. d4 cxd3 10. Bxd3 Ne7 11. Ng5 g6 12. Qg4 Nf5 13. Bxf5 exf5 14. Qd1 d4 15.
Nd5 Qc6 16. Nf6+ Ke7 17. Re1 Be6 18. a3 Bd5 19. Nxd5+ Qxd5 20. b4 Bb6 21. Bb2
Nc6 22. Qd3 a5 23. c4 Qd7 24. c5 Ba7 25. Nxf7 Rhf8 26. e6 Qc7 27. b5 1-0

[Event "4NCL Division 4 South"]
[Site "Telford, ENG"]
[Date "2016.04.30"]
[Round "9.216"]
[White "Karia, Devin"]
[Black "Hendy, Jerry"]
[Result "1/2-1/2"]
[WhiteElo "1712"]
[BlackElo "1832"]
[PlyCount "38"]
[EventDate "2016.04.30"]
[WhiteTeam "Barnet Knights 2"]
[BlackTeam "Throw in the Tal 2"]

1. d4 e6 2. Nf3 b6 3. Bf4 Bb7 4. e3 f5 5. Bd3 Nf6 6. Nbd2 Be7 7. h3 Na6 8. a3
c5 9. c4 Ne4 10. Bxe4 fxe4 11. Ne5 O-O 12. Qg4 Nc7 13. d5 exd5 14. Nxd7 Bc8 15.
Qg3 Rxf4 16. Qxf4 Qxd7 17. Rd1 Bd6 18. Qg5 Be7 19. Qf4 Bd6 1/2-1/2

[Event "4NCL Division 4 South"]
[Site "Telford, ENG"]
[Date "2016.04.30"]
[Round "9.217"]
[White "Woolgar, Steven G"]
[Black "Balouka Myers, Reuben"]
[Result "1-0"]
[WhiteElo "1690"]
[BlackElo "1667"]
[PlyCount "46"]
[EventDate "2016.04.30"]
[WhiteTeam "Throw in the Tal 2"]
[BlackTeam "Barnet Knights 2"]

1. c4 e6 2. Nc3 d5 3. cxd5 exd5 4. d4 c6 5. Nf3 f5 6. g3 Nf6 7. Bg2 Be7 8. O-O
O-O 9. Bf4 h6 10. Qc1 Nbd7 11. h4 Ne4 12. Qe3 g5 13. hxg5 hxg5 14. Be5 f4 15.
gxf4 gxf4 16. Bxf4 Ndf6 17. Nxe4 Nxe4 18. Ne5 Bf5 19. Bxe4 Bxe4 20. Qg3+ Kh7
21. Qh3+ Bh4 22. Bg3 Rf6 23. f3 Rxf3 1-0

[Event "4NCL Division 4 South"]
[Site "Telford, ENG"]
[Date "2016.04.30"]
[Round "9.218"]
[White "Willmoth, Harrison"]
[Black "Jones, Howard"]
[Result "1-0"]
[WhiteElo "1667"]
[BlackElo "1585"]
[PlyCount "67"]
[EventDate "2016.04.30"]
[WhiteTeam "Barnet Knights 2"]
[BlackTeam "Throw in the Tal 2"]

1. e4 d6 2. d4 Nf6 3. Nc3 g6 4. Nf3 Bg7 5. Be3 O-O 6. h3 a6 7. a4 Nc6 8. Be2 e5
9. O-O Re8 10. dxe5 dxe5 11. Bd3 Be6 12. Ng5 Qe7 13. Nxe6 Qxe6 14. b3 Rad8 15.
Qe2 Nd4 16. Bxd4 Rxd4 17. Bc4 Qd7 18. Rad1 Rxd1 19. Rxd1 Qe7 20. Nd5 Nxd5 21.
Rxd5 c6 22. Rd1 Rd8 23. Qf3 Rxd1+ 24. Qxd1 Qc7 25. Qf3 Qd7 26. b4 Kf8 27. Bb3
f6 28. Qe2 Qd4 29. b5 axb5 30. axb5 cxb5 31. Qxb5 b6 32. Qc6 Bh6 33. Qxf6+ Ke8
34. Qh8+ 1-0

[Event "4NCL Division 4 South"]
[Site "Telford, ENG"]
[Date "2016.04.30"]
[Round "9.219"]
[White "Harris, John"]
[Black "Lewis, Tim"]
[Result "0-1"]
[WhiteElo "1637"]
[BlackElo "1630"]
[PlyCount "76"]
[EventDate "2016.04.30"]
[WhiteTeam "Throw in the Tal 2"]
[BlackTeam "Barnet Knights 2"]

1. e4 e5 2. Nf3 Nc6 3. Bc4 Bc5 4. c3 Nf6 5. d3 d6 6. h3 Na5 7. Bb5+ c6 8. Ba4
b5 9. Bc2 b4 10. Nbd2 bxc3 11. bxc3 O-O 12. Nf1 Nh5 13. Bg5 Qb6 14. Ne3 h6 15.
Rb1 Qc7 16. Nh2 Nf4 17. Bxf4 exf4 18. d4 fxe3 19. dxc5 dxc5 20. Qe2 exf2+ 21.
Kxf2 Qe5 22. Qd3 Be6 23. Nf3 Qf4 24. e5 g6 25. g3 Qc4 26. Nh4 Qxd3 27. Bxd3
Rfd8 28. Be2 Rd2 29. Ke3 Rxa2 30. Rhd1 Nc4+ 31. Bxc4 Bxc4 32. Rd2 Rxd2 33. Kxd2
Bd5 34. Ke3 Re8 35. Kd3 Rxe5 36. Rb8+ Kg7 37. c4 Be4+ 38. Kc3 g5 0-1

[Event "4NCL Division 4 South"]
[Site "Telford, ENG"]
[Date "2016.04.30"]
[Round "9.220"]
[White "Hung, Dylan"]
[Black "Weaver, Simon"]
[Result "1/2-1/2"]
[WhiteElo "1607"]
[BlackElo "1601"]
[PlyCount "24"]
[EventDate "2016.04.30"]
[WhiteTeam "Barnet Knights 2"]
[BlackTeam "Throw in the Tal 2"]

1. c4 e5 2. g3 g6 3. Bg2 Bg7 4. Nc3 c6 5. d3 Nf6 6. e4 d6 7. f4 Nbd7 8. Be3 O-O
9. Nf3 Ng4 10. Bd2 Qb6 11. Qe2 exf4 12. Bxf4 Nc5 1/2-1/2

[Event "4NCL Division 4 South"]
[Site "Telford, ENG"]
[Date "2016.04.30"]
[Round "9.99"]
[White "Karia, Kamlesh"]
[Black "Raghavendra, Mahima"]
[Result "0-1"]
[WhiteElo "1637"]
[BlackElo "1802"]
[PlyCount "130"]
[EventDate "2016.04.30"]

1. e4 e6 2. d4 d5 3. exd5 exd5 4. Bd3 Bd6 5. Qf3 Ne7 6. Nc3 Nbc6 7. Nb5 Bb4+ 8.
c3 Ba5 9. Ne2 Ng6 10. O-O O-O 11. Nf4 Nce7 12. Nh5 c6 13. Na3 Bc7 14. g3 Bh3
15. Re1 Qd7 16. Nf4 Bg4 17. Qg2 Bxf4 18. Bxf4 Nxf4 19. gxf4 Ng6 20. Bxg6 fxg6
21. Qg3 Rf7 22. Nc2 Raf8 23. Re5 Rxf4 24. Rae1 Bh3 25. Re7 Qc8 26. Qxf4 Rxf4
27. Re8+ Qxe8 28. Rxe8+ Kf7 29. Re3 Rg4+ 30. Rg3 Kf6 31. Ne3 Rxg3+ 32. fxg3 h5
33. Kf2 g5 34. Kf3 Bf5 35. Kf2 Be6 36. Ke1 g6 37. Kf2 Bf5 38. Ke1 Ke6 39. Kf2
Kd6 40. b4 Kc7 41. a4 b6 42. c4 dxc4 43. Nxc4 c5 44. dxc5 bxc5 45. bxc5 Kc6 46.
Ke3 Kxc5 47. Ne5 a5 48. h4 gxh4 49. gxh4 Kb4 50. Kd2 Kxa4 51. Kc3 Kb5 52. Kb3
a4+ 53. Ka3 Bc2 54. Kb2 Be4 55. Ka3 Bf5 56. Nf3 Bd7 57. Ne5 Be8 58. Kb2 Kc5 59.
Kc3 Kd5 60. Nc4 Bb5 61. Na3 Bc6 62. Kd3 Ke5 63. Ke3 Kf5 64. Nc4 Bd5 65. Nb6 a3
0-1

[Event "4NCL Division 4 South"]
[Site "Telford, ENG"]
[Date "2016.04.30"]
[Round "9.99"]
[White "Rahulan, Thivyaa"]
[Black "Sahinoz, Giulio O"]
[Result "1/2-1/2"]
[WhiteElo "1630"]
[BlackElo "1525"]
[PlyCount "135"]
[EventDate "2016.04.30"]

1. d4 d5 2. Nf3 Nf6 3. e3 Bf5 4. c4 e6 5. Nc3 c5 6. Bd2 Nc6 7. dxc5 Bxc5 8. a3
dxc4 9. Bxc4 O-O 10. O-O h6 11. b4 Bd6 12. Rc1 Rc8 13. Be2 Ne5 14. Nxe5 Bxe5
15. Na4 b6 16. Bc3 Bxc3 17. Nxc3 Qxd1 18. Rfxd1 Rfd8 19. Rxd8+ Rxd8 20. Rd1
Rxd1+ 21. Bxd1 Bd3 22. f3 Kf8 23. Kf2 Ke7 24. e4 Kd6 25. Ke3 Ba6 26. f4 e5 27.
g3 Bc4 28. Na4 g6 29. Nb2 Be6 30. Nd3 exf4+ 31. gxf4 Nd7 32. Kd4 Nf8 33. Nb2 b5
34. Be2 a6 35. a4 Bd7 36. axb5 axb5 37. Nd3 Ne6+ 38. Ke3 f6 39. Nf2 h5 40. Nd1
Nc7 41. Nc3 h4 42. Bf1 g5 43. f5 Ke5 44. h3 Bc6 45. Bd3 Bd7 46. Nd1 Na6 47. Nf2
Kd6 48. Ng4 Ke7 49. e5 fxe5 50. f6+ Kf8 51. Nxe5 Bxh3 52. Bxb5 Nxb4 53. Bc4 Bf5
54. Kf3 Nc2 55. Nf7 g4+ 56. Kf4 g3 57. Ng5 g2 58. Kxf5 g1=Q 59. Nh7+ Ke8 60.
f7+ Kd7 61. f8=Q Qf2+ 62. Kg6 Qg3+ 63. Ng5 Qd6+ 64. Qxd6+ Kxd6 65. Kh5 Ne3 66.
Be2 Nf5 67. Bg4 Ke5 68. Bxf5 1/2-1/2

[Event "4NCL Division 4 South"]
[Site "Telford, ENG"]
[Date "2016.04.30"]
[Round "9.99"]
[White "Balouka-Myers, Raphael"]
[Black "Desai, Nilomi"]
[Result "1/2-1/2"]
[WhiteElo "1457"]
[BlackElo "1690"]
[PlyCount "138"]
[EventDate "2016.04.30"]

1. c4 c6 2. Nc3 d5 3. cxd5 cxd5 4. e3 Nf6 5. Nge2 Nc6 6. d4 Bf5 7. Nf4 e6 8.
Bb5 Be7 9. O-O O-O 10. Nce2 h6 11. Ng3 Bh7 12. Qf3 Qb6 13. Bxc6 bxc6 14. Nfh5
Nxh5 15. Nxh5 Bg6 16. Nf4 c5 17. Nxg6 fxg6 18. Qd1 g5 19. b3 Bf6 20. Bb2 cxd4
21. Bxd4 Bxd4 22. Qxd4 Qxd4 23. exd4 Rac8 24. Rac1 Rfe8 25. Rfe1 Kf7 26. Kf1
Ke7 27. Ke2 Kd7 28. Kf3 g6 29. Kg4 Rxc1 30. Rxc1 Rf8 31. Rc5 Rxf2 32. Ra5 Rf4+
33. Kg3 Rxd4 34. Rxa7+ Ke8 35. Rg7 h5 36. Rxg6 Rg4+ 37. Kf3 Kf7 38. Rh6 Rf4+
39. Ke2 h4 40. Rh7+ Kf6 41. a4 Rb4 42. a5 Rxb3 43. a6 Ra3 44. Ra7 Ke5 45. Ra8
Kd6 46. a7 Kc7 47. Re8 Rxa7 48. Rxe6 g4 49. Re5 Ra2+ 50. Kf1 Ra1+ 51. Kf2 Ra2+
52. Kf1 h3 53. Rxd5 hxg2+ 54. Kg1 Kc6 55. Rg5 Kd6 56. Rxg4 Ke6 57. Rf4 Ra5 58.
Kxg2 Rf5 59. Rg4 Kf6 60. h4 Rh5 61. Kg3 Rh6 62. Kf4 Rg6 63. Rg5 Rxg5 64. hxg5+
Kg6 65. Kg4 Kg7 66. Kh5 Kh7 67. Kg4 Kg7 68. Kf5 Kf7 69. g6+ Kg7 1/2-1/2

[Event "4NCL Division 4 South"]
[Site "Telford, ENG"]
[Date "2016.04.30"]
[Round "9.99"]
[White "Wiltshir, Richard"]
[Black "Balouka-Myers, Toby"]
[Result "1-0"]
[WhiteElo "1670"]
[BlackElo "1465"]
[PlyCount "81"]
[EventDate "2016.04.30"]

1. d4 Nf6 2. Nf3 e6 3. g3 Nc6 4. Bg2 Be7 5. O-O O-O 6. c4 Bb4 7. a3 Be7 8. d5
Na5 9. Qa4 c5 10. Bd2 b6 11. Nc3 Ba6 12. dxe6 dxe6 13. Nb5 Bb7 14. Rfd1 Nc6 15.
Bf4 Qc8 16. Nd6 Bxd6 17. Bxd6 Rd8 18. Bf4 h6 19. Rxd8+ Qxd8 20. Ne5 Na5 21. Rd1
Qc8 22. Bxb7 Qxb7 23. Nd7 Nxd7 24. Rxd7 Qe4 25. Re7 Qxe2 26. Re8+ Rxe8 27.
Qxe8+ Kh7 28. Qxf7 Qxc4 29. Be5 Qg4 30. Bc3 Qg6 31. Qxa7 Nc4 32. h4 Nxb2 33. h5
Qb1+ 34. Kh2 e5 35. Bxe5 Qg6 36. hxg6+ Kxg6 37. Qxb6+ Kf5 38. Bxb2 Ke4 39. Qxc5
Kd3 40. Bxg7 h5 41. a4 1-0

[Event "4NCL Division 4 South"]
[Site "Telford, ENG"]
[Date "2016.04.30"]
[Round "9.99"]
[White "Adjudani, Dara"]
[Black "Woodhouse, Monty"]
[Result "1-0"]
[WhiteElo "1240"]
[BlackElo "1285"]
[PlyCount "141"]
[EventDate "2016.04.30"]

1. d4 e6 2. c4 f5 3. Nc3 Nf6 4. d5 Be7 5. dxe6 dxe6 6. Qxd8+ Bxd8 7. Bg5 O-O 8.
e3 Nc6 9. Rd1 Be7 10. Nf3 Bd7 11. Bxf6 Bxf6 12. Rxd7 Rf7 13. Rxf7 Kxf7 14. Be2
Rd8 15. O-O e5 16. e4 f4 17. Nd5 Rd7 18. Nxf6 Kxf6 19. Nh4 Nd4 20. Bg4 Rd8 21.
Rd1 Kg5 22. Nf3+ Kxg4 23. Nxe5+ Kh5 24. g4+ Kh4 25. Rxd4 Rxd4 26. Nf3+ Kxg4 27.
Nxd4 Kg5 28. Kg2 Kf6 29. Kf3 Ke5 30. Nb5 c6 31. Nxa7 g5 32. h3 Kd4 33. Kg4 Kxe4
34. Nxc6 bxc6 35. a4 Ke5 36. a5 Kd6 37. a6 Kc7 38. a7 Kb7 39. a8=Q+ Kxa8 40.
Kxg5 Kb7 41. Kxf4 Kb6 42. b3 Kc5 43. Ke5 Kb6 44. f4 Kc7 45. Ke6 Kd8 46. Kd6 Ke8
47. Kxc6 Kf7 48. b4 Ke7 49. Kc7 Ke6 50. b5 Kf5 51. b6 Kxf4 52. b7 Kg3 53. b8=Q
Kxh3 54. Kd7 h5 55. Qb3+ Kg2 56. Qd1 h4 57. Qg4+ Kf2 58. Qxh4+ Ke3 59. Qg4 Kd3
60. Qf4 Kc3 61. c5 Kd3 62. c6 Kc3 63. c7 Kd3 64. c8=R Ke2 65. Rc3 Kd1 66. Qf1+
Kd2 67. Qd3+ Ke1 68. Qh3 Kd2 69. Rg3 Ke2 70. Rg2+ Kf1 71. Qh1# 1-0

[Event "4NCL Division 4 South"]
[Site "Telford, ENG"]
[Date "2016.04.30"]
[Round "9.99"]
[White "Desai, Tarun"]
[Black "Willmoth, Kate"]
[Result "1/2-1/2"]
[WhiteElo "1219"]
[BlackElo "932"]
[PlyCount "196"]
[EventDate "2016.04.30"]

1. e4 e5 2. Nf3 Nc6 3. d4 exd4 4. Nxd4 Bc5 5. Be3 Bb6 6. Nxc6 bxc6 7. Bxb6 axb6
8. Qg4 g6 9. Bc4 Qe7 10. Qe2 Nf6 11. Nd2 O-O 12. O-O d5 13. exd5 Qxe2 14. Bxe2
cxd5 15. Rfe1 Bb7 16. Bf3 Rfe8 17. a3 Rxe1+ 18. Rxe1 Re8 19. Rd1 Nd7 20. h3 Nc5
21. Nb1 Rd8 22. Nc3 c6 23. b4 Nd7 24. b5 Nf6 25. bxc6 Bxc6 26. Ne4 Nxe4 27.
Bxe4 Rd6 28. c4 d4 29. Bxc6 Rxc6 30. Rxd4 Rc5 31. Kf1 Kg7 32. Ke2 Kf6 33. Rd5
Rxd5 34. cxd5 Ke5 35. Kd3 Kxd5 36. f4 Kc5 37. Kc3 Kd5 38. Kb4 Ke4 39. Kb5 Kxf4
40. Kxb6 Kg3 41. a4 Kxg2 42. a5 f5 43. a6 f4 44. a7 f3 45. a8=Q Kg3 46. Qb8+
Kxh3 47. Qf4 Kg2 48. Qg4+ Kf2 49. Qd4+ Kg2 50. Qg4+ Kf2 51. Qh4+ Ke2 52. Qh2+
f2 53. Qe5+ Kf3 54. Qc3+ Kg2 55. Qc6+ Kg1 56. Qc1+ f1=Q 57. Qg5+ Kf2 58. Qf4+
Ke1 59. Qc1+ Ke2 60. Qc4+ Kf2 61. Qf4+ Kg2 62. Qg4+ Kh2 63. Qh4+ Kg1 64. Qg3+
Qg2 65. Qe1+ Kh2 66. Qh4+ Qh3 67. Qf4+ Qg3 68. Qd2+ Kh1 69. Qh6+ Qh2 70. Qg7
Qd6+ 71. Kb5 Kh2 72. Qb2+ Kh3 73. Qc3+ Qg3 74. Qc8+ Qg4 75. Qc3+ Kh4 76. Qe1+
Qg3 77. Qh1+ Kg5 78. Qc1+ Qf4 79. Qg1+ Kf5 80. Qb1+ Qe4 81. Qf1+ Ke5 82. Qa1+
Kd5 83. Qa2+ Ke5 84. Qa1+ Qd4 85. Qe1+ Qe4 86. Qg3+ Qf4 87. Qc3+ Qd4 88. Qe1+
Kd5 89. Qh1+ Qe4 90. Qd1+ Qd4 91. Qh1+ Kd6 92. Qc6+ Ke5 93. Qe8+ Kf4 94. Qf7+
Ke3 95. Qe6+ Qe4 96. Qh3+ Ke2 97. Qh2+ Kd3 98. Qd6+ Qd4 1/2-1/2